01484nam a2200301 a 4500001001200000003000800012006001900020007001500039008004100054010001700095020001500112040002100127035002000148050002500168245020600193260005600399300001400455500018700469504005200656533015200708630003100860650004300891650003500934651004100969655002901010710001701039856012601056ebr10038745CaPaEBRm u cr cn|||||||||011210s2001 dcu sb 000 0 eng d z 2001281268 z0309073154 aCaPaEBRcCaPaEBR a(OCoLC)5288232114aHA37.U55bA48 2001eb04aThe American Community Surveyh[electronic resource] :bsummary of a workshop /cCommittee on National Statistics, Commission on Behavioral and Social Sciences and Education, National Research Council. aWashington, D.C. :bNational Academy Press,cc2001. axv, 55 p. a"To assist the Census Bureau in developing a research agenda to address ... methodological issues, the Committee on National Statistics held a workshop on September 13, 1998."--P. 1. aIncludes bibliographical references (p. 54-55). aElectronic reproduction.bPalo Alto, Calif. :cebrary,d2013.nAvailable via World Wide Web.nAccess may be limited to ebrary affiliated libraries.00aAmerican community survey. 0aPopulation forecastingzUnited States. 0aSocial surveyszUnited States. 0aUnited StatesxStatistical services. 7aElectronic books.2local2 aebrary, Inc.40uhttp://site.ebrary.com/lib/rucke/Doc?id=10038745zAn electronic book accessible through the World Wide Web; click to view